El cuento literario
Uloženo v:
| Hlavní autor: | |
|---|---|
| Médium: | Kniha |
| Jazyk: | španělština |
| Vydáno: |
Madrid
Akal
2008
|
| Edice: | Akal Literatura, 38
|
| Témata: | |
| Tagy: |
Přidat tag
Žádné tagy, Buďte první, kdo vytvoří štítek k tomuto záznamu!
|
MARC
| LEADER | 00000nam a2200000 a 4500 | ||
|---|---|---|---|
| 001 | UCI9473 | ||
| 003 | CL-VaPUC | ||
| 008 | 081120e20080000SP |||||||||||||||||spa|d | ||
| 020 | |a 9788446026716 | ||
| 082 | 0 | 4 | |a 808.3 |b REY |2 21 |
| 100 | 0 | |a Rey Briones, Antonio del |e author |9 533246 | |
| 245 | 1 | 3 | |a El cuento literario |
| 300 | |a 525 p | ||
| 942 | |c BK | ||
| 945 | |d 20081120 00:00:00 |a rbrito | ||
| 260 | |a Madrid |b Akal |c 2008 | ||
| 650 | 0 | |a Cuento |9 316426 | |
| 650 | 0 | |a Crítica literaria |9 269189 | |
| 650 | 0 | |a Historia y crítica |9 257407 | |
| 650 | 0 | |a Antologías |9 309836 | |
| 583 | |a last modification |c 20081120 00:00:00 |k Rodrigo Vera | ||
| 490 | 0 | |a Akal Literatura, 38 | |
| 999 | |c 331997 |d 331995 | ||
| 952 | |0 0 |1 0 |4 0 |6 808_300000000000000_REY_2008 |7 0 |8 A |9 419311 |a FDOPOS |b FDOPOS |d 2019-11-22 |i 4499662 |o 808.3 REY 2008 |p 4499662 |r 2025-01-22 |w 2019-11-22 |y BK |k DLH | ||